Ochihorobiyo kyōsha no jidai /

Saved in:
Bibliographic Details
Main Author: Nosaka, Akiyuki, 1930-
Format: Book
Language:Japanese
Published: Tōkyō : Ie no Hikari Kyōkai, Shōwa 51 [1976]
Subjects:
Tags: Add Tag
No Tags, Be the first to tag this record!
LEADER 00869nam a2200265 i 4500
001 007764743-2
005 20024617122053.0
008 980414s1976 ja 000 0 jpn
010 |a 76806517 /J 
015 |a Ja76-13335 
035 0 |a ocm38950462 
040 |a DLC  |c *YNH*  |d CStRLIN 
050 0 0 |a HN723.5  |b .N65 
100 1 |6 880-01  |a Nosaka, Akiyuki,  |d 1930- 
245 1 0 |6 880-02  |a Ochihorobiyo kyōsha no jidai /  |c Nosaka Akiyuki. 
260 |6 880-03  |a Tōkyō :  |b Ie no Hikari Kyōkai,  |c Shōwa 51 [1976] 
300 |a 275 p. ;  |c 20 cm. 
651 0 |a Japan  |x Rural conditions. 
650 0 |a Rural development  |z Japan. 
650 0 |a Agriculture and state  |z Japan. 
880 1 |6 100-01  |a 野坂昭如,  |d 1930- 
880 1 0 |6 245-02  |a 堕ち滅びよ驕奢の時代 /  |c 野坂昭如. 
880 |6 260-03  |a 東京 :  |b 家の光協会,  |c 昭和51 [1976] 
988 |a 20021221 
906 |0 DLC